LEADER 03260 am 2200601 n 450 001 9910496038703321 005 20200510 010 $a2-491788-13-6 024 7 $a10.4000/books.pccj.14957 035 $a(CKB)4100000011758066 035 $a(FrMaCLE)OB-pccj-14957 035 $a(oapen)https://directory.doabooks.org/handle/20.500.12854/85702 035 $a(EXLCZ)994100000011758066 100 $a20210211j|||||||| ||| 0 101 0 $afre 135 $auu||||||m|||| 181 $ctxt$2rdacontent 182 $cc$2rdamedia 183 $acr$2rdacarrier 200 10$aGrecs en Gaule du Sud $eTombes de la colonie d'Agathè (Agde, Hérault, IVe-IIe siècles avant J.-C.) /$fBernard Dedet, Martine Schwaller 210 $aAix-en-Provence $cPublications du Centre Camille Jullian$d2020 215 $a1 online resource (201 p.) 225 1 $aBibliothèque d?archéologie méditerranéenne et africaine 311 $a2-87772-627-4 330 $aLa colonie grecque d?Agathé, établie par les Phocéens de Marseille, déjà citée par des auteurs de l?Antiquité, a fait couler beaucoup d?encre parmi les historiens modernes qui cherchaient surtout sa localisation précise et sa date de fondation. Les premières recherches de terrain de Raymond Aris à la fin des années 1930, puis les travaux d?André Nickels dans les années 1970-1980 ont permis de confirmer la présence de la ville antique sous le site de la ville actuelle d?Agde, et de mieux connaître la vie de ses habitants. Ils ont également occasionné la découverte des deux nécropoles se rapportant à cet établissement : le Peyrou 2, fort de trente-cinq tombes s?échelonnant entre l?extrême fin du Ve siècle et le milieu du IIe siècle av. J.-C., et Saint-André, avec seulement deux tombes conservées de la seconde moitié du IIe siècle av. J.-C. Cet ouvrage étudie de manière détaillée ces sépultures et leur aménagement. Il fait une large place aux défunts eux-mêmes, et aux objets qui accompagnent certains d?entre eux. Il met ainsi en lumière des pratiques funéraires révélatrices de coutumes grecques, très différentes de celles du monde gaulois environnant. Fort proches de ceux de Marseille/Massalia, comparables à ceux d?Ampurias/Emporion, ces usages participent à la définition d?un "paysage" funéraire propre aux colonies grecques de la Méditerranée nord-occidentale. 517 $aGrecs en Gaule du Sud 606 $aArchaeology 606 $anécropole 606 $asépulture 606 $apratique funéraire 606 $aGrecs 606 $acolonie grecque 606 $amobilier funéraire 610 $anécropole 610 $asépulture 610 $apratique funéraire 610 $aGrecs 610 $acolonie grecque 610 $amobilier funéraire 615 4$aArchaeology 615 4$anécropole 615 4$asépulture 615 4$apratique funéraire 615 4$aGrecs 615 4$acolonie grecque 615 4$amobilier funéraire 700 $aDedet$b Bernard$0607264 701 $aSchwaller$b Martine$0785557 801 0$bFR-FrMaCLE 906 $aBOOK 912 $a9910496038703321 996 $aGrecs en Gaule du Sud$91748859 997 $aUNINA LEADER 01471nas 2200493-a 450 001 9910446846703321 005 20230213213019.0 011 $a1552-8278 035 $a(DE-599)ZDB2030802-4 035 $a(OCoLC)41205740 035 $a(CKB)954925591435 035 $a(CONSER)--2004214349 035 $a(EXLCZ)99954925591435 100 $a19990419a19909999 s-- a 101 0 $aeng 135 $aurmnu|||||||| 181 $ctxt$2rdacontent 182 $cc$2rdamedia 183 $acr$2rdacarrier 200 10$aSmall group research 210 $a[Thousand Oaks, Calif.] $cSage Publications$d[1990]- 300 $aRefereed/Peer-reviewed 300 $aTitle from journal home page (Sage Web site, viewed Sept. 26, 2007). 311 $a1046-4964 531 $aSMALL GR RES 531 $aSMALL GROUP RES 606 $aSmall groups$vPeriodicals 606 $aSmall groups$xResearch$vPeriodicals 606 $aGroup Processes 606 $aPsychotherapy, Group 606 $aSmall groups$2fast$3(OCoLC)fst01121421 606 $aSmall groups$xResearch$2fast$3(OCoLC)fst01121432 608 $aPeriodicals.$2fast 615 0$aSmall groups 615 0$aSmall groups$xResearch 615 2$aGroup Processes. 615 2$aPsychotherapy, Group. 615 7$aSmall groups. 615 7$aSmall groups$xResearch. 676 $a302 906 $aJOURNAL 912 $a9910446846703321 996 $aSmall group research$92108957 997 $aUNINA